000 01081nam a22002537a 4500
003 OSt
005 20250827113218.0
008 240308b ||||| |||| 00| 0 eng d
040 _c0
082 _aDPer 621.317 Ie21 July 2022 v.37 n. 7
100 _aZhou, Xiaoyu.
_eauthor.
_954237
245 _aHigh voltage pulse generator based on a novel magnetic isolated drive circuit /
_cXiaoyu Zhou, Zhiwen Zhang, Shoulong Dong, Liang Yu, Jiangnan Liu, Xue Qiao, and Chenguo Yao
260 _aNew York ;
_bThe Institute of Electrical and Electronics Engineers, Inc. ,
_cJuly 2022.
300 _avolume 37, pages 8157-8166 :
_billustration ;
_c28 cm.
500 _a IEEE Transactions on Power Electronics, vol. 37, no. 7, pages 8157-8166, July 2022.
700 _aZhou, Xiaoyu.
_eauthor.
_954237
700 _aZhang, Zhiwen.
_eauthor.
_954238
700 _aDong, Shoulong.
_eauthor.
_954239
700 _aYu, Liang.
_eauthor.
_954240
700 _aLiu, Jiangnan.
_eauthor.
_954241
700 _aQiao, Xue.
_eauthor.
_954242
700 _aYao, Chenguo.
_eauthor.
_954243
942 _2ddc
_cPER
999 _c19575
_d19575